Vista normal
Vista MARC
Entrada Materia (personas)
Número de registros utilizados en: 1
001 - CONTROL NUMBER
- control field: 74914
003 - CONTROL NUMBER IDENTIFIER
- control field: Co-BoUCM
005 - DATE AND TIME OF LATEST TRANSACTION
- control field: 20160115120339.0
008 - FIXED-LENGTH DATA ELEMENTS
- fixed length control field: 160115|| aca||aabn | a|a d
040 ## - CATALOGING SOURCE
- Original cataloging agency: Co-BoUCM
- Transcribing agency: Co-BoUCM
100 ## - HEADING--PERSONAL NAME
- Personal name: Escovar Salom, Ramón
- Dates associated with a name: 1926-
670 ## - SOURCE DATA FOUND
- Source citation: Work cat.: (Co-BoUCM)59020: Escovar Salom, Ramón 1926-, Los demonios de la democracia, 2006